000 00427nam a2200181Ia 4500
001 17450
005 20260306171518.0
008 260306s9999||||xx |||||||||||||| ||und||
041 _aESP
082 _a658
_bD14I
100 _aDaft, Richard L.
_eAUT
245 0 _aIntroducción a la administración
260 _c2010
300 _a621 páginas :
_c27 cm.
650 _aGEN
654 _aCAN
942 _cLIB
_dJUS
_fJUS
_2ddc
_n
999 _c17450
_d17450